000 00398nam a2200133Ia 4500
008 220217s9999||||xx |||||||||||||| ||und||
020 _a978-0-07-024869-4
082 _a005.74 MCL
100 _aMcLaughlin, Michael
_95915
245 0 _aOracle database 11g PL/SQL programming
260 _aTata mcgraw hill company Ltd
_bNew Delhi
_c2008
300 _b0
650 _aDATA FILES & DATABASE
_9695
999 _c177122
_d177122